| 000 | 00000nam##2200000za#4500 |
| 001 | 9.606605 |
| 003 | CaOODSP |
| 005 | 20210624212717 |
| 007 | cr ||||||||||| |
| 008 | 150406|2003||||xxc|||||o f|0| 0 fre|d |
| 040 | |aCaOODSP|bfre |
| 043 | |an-cn--- |
| 086 | 1 |aFs76-1/2003-040F-PDF |
| 110 | 1 |aCanada. |bMinistère des pêches et des océans. |bRégion des Maritimes. |
| 245 | 10|aMorue de l'est du banc Georges |h[ressource électronique] |
| 260 | |aOttawa - Ontario : |bPêches et Océans Canada. |cSeptembre 2003. |
| 300 | |a6p.|bgraphiques, carte, tableau |
| 490 | 1 |aRapport sur l'état des stocks |v2003/040 |
| 590 | |a14-12-Supp|b2014-05-30 |
| 775 | 08|tEastern Georges Bank cod |w(CaOODSP)9.578844 |
| 830 | #0|aRapport sur l'état des stocks ;|v2003/040|w(CaOODSP)9.502627 |
| 856 | 40|ahttp://publications.gc.ca|qPDF|s128 Ko|uhttps://publications.gc.ca/collections/collection_2014/mpo-dfo/Fs76-1-2003-040-fra.pdf|y2003/040 |